The dynamics of structural changes in the defense industries

Saved in:
Bibliographic Details
Main Author: Stekler, Herman O.
Corporate Author: Institute for Defense Analyses. Program Analysis Division.
Other Authors: Kuenne, Robert E., (joint author.), Strom, Leland, (joint author.)
Format: Book
Language:English
Published: Arlington, Va. : Institute for Defense Analyses, 1981.
Subjects:
Tags: Add Tag
No Tags, Be the first to tag this record!
LEADER 00873cam a2200241 a 4500
001 001028516-4
005 19971009102951.9
008 821029s1981 vaua b 000 0 eng d
035 0 |a ocm08904048 
040 |a HBS  |c HBS 
100 1 |a Stekler, Herman O. 
245 1 4 |a The dynamics of structural changes in the defense industries  |h [microform] /  |c Herman Stekler, Robert E. Kuenne, Leland Strom. 
260 |a Arlington, Va. :  |b Institute for Defense Analyses,  |c 1981. 
300 |a 136 p. in various pagings :  |b ill. 
500 |a "IDA paper P-1552." 
500 |a "January 1981." 
650 0 |a Technological innovations  |x Economic aspects. 
650 0 |a Weapons systems  |x Estimates. 
710 2 |a Institute for Defense Analyses.  |b Program Analysis Division. 
700 1 |a Kuenne, Robert E.,  |e joint author. 
700 1 |a Strom, Leland,  |e joint author. 
988 |a 20020608 
906 |0 MH